Detalles MARC
| 000 -CABECERA |
| campo de control de longitud fija |
02108cam a2200385 i 4500 |
| 001 - NÚMERO DE CONTROL |
| campo de control |
16953 |
| 003 - IDENTIFICADOR DEL NÚMERO DE CONTROL |
| campo de control |
DO-SdUEMH |
| 005 - FECHA Y HORA DE LA ÚLTIMA TRANSACCIÓN |
| campo de control |
20260316231117.0 |
| 007 - CAMPO FIJO DE DESCRIPCIÓN FÍSICA--INFORMACIÓN GENERAL |
| campo de control de longitud fija |
ta |
| 008 - DATOS DE LONGITUD FIJA--INFORMACIÓN GENERAL |
| campo de control de longitud fija |
211105s2003 sp |||gri||| 0|1 ||spa|d |
| 020 ## - NÚMERO INTERNACIONAL ESTÁNDAR DEL LIBRO |
| Número Internacional Estándar del Libro |
8471014130 |
| 040 ## - FUENTE DE LA CATALOGACIÓN |
| Centro catalogador/agencia de origen |
DO-SdUEMH |
| Lengua de catalogación |
spa |
| Normas de descripción |
rda |
| 041 ## - CÓDIGO DE LENGUA |
| Código de lengua del texto/banda sonora o título independiente |
spa |
| Código de lengua original |
eng |
| 082 04 - NÚMERO DE LA CLASIFICACIÓN DECIMAL DEWEY |
| Colección |
Colección General |
| Número de clasificación |
612.3 |
| Número de documento/Ítem |
A456n |
| Otros |
2003 |
| 100 1# - ENTRADA PRINCIPAL--NOMBRE DE PERSONA |
| Nombre de persona |
Alpers, David H. |
| Término indicativo de función/relación |
autor |
| 9 (RLIN) |
3539 |
| 245 10 - MENCIÓN DE TÍTULO |
| Título |
Nutrición / |
| Mención de responsabilidad, etc. |
David H. Alpers, William F. Stenson, Dennis M. Bier ; traducción: A. López García |
| 250 ## - MENCIÓN DE EDICIÓN |
| Mención de edición |
Cuarta edición |
| 264 #1 - PRODUCCIÓN, PUBLICACIÓN, DISTRIBUCIÓN, FABRICACIÓN Y COPYRIGHT |
| Lugar de producción, publicación, distribución, fabricación |
Madrid, España : |
| Nombre del de productor, editor, distribuidor, fabricante |
Marbán Libros, |
| Fecha de producción, publicación, distribución, fabricación o copyright |
2003 |
| 264 #4 - PRODUCCIÓN, PUBLICACIÓN, DISTRIBUCIÓN, FABRICACIÓN Y COPYRIGHT |
| Fecha de producción, publicación, distribución, fabricación o copyright |
©2003 |
| 300 ## - DESCRIPCIÓN FÍSICA |
| Extensión |
884 páginas ; |
| Dimensiones |
25 cm. |
| 336 ## - TIPO DE CONTENIDO |
| Fuente |
rdacontent |
| Término de tipo de contenido |
texto |
| Código de tipo de contenido |
txt |
| 337 ## - TIPO DE MEDIO |
| Fuente |
rdamedia |
| Nombre del tipo de medio |
sin mediación |
| Código del tipo de medio |
n |
| 338 ## - TIPO DE SOPORTE |
| Fuente |
rdacarrier |
| Nombre del tipo de soporte |
volumen |
| Código del tipo de soporte |
nc |
| 490 0# - MENCIÓN DE SERIE |
| Mención de serie |
Hospital manual |
| 500 ## - NOTA GENERAL |
| Nota general |
Título original: Manual of nutricional therapeutics. |
| 505 2# - NOTA DE CONTENIDO CON FORMATO |
| Nota de contenido con formato |
Sección 1: Conceptos generales sobre nutrición.<br/>Abordaje de las carencias nutritivas -- Recomendaciones para adultos jóvenes sanos -- Recomendaciones para ancianos -- Gestación y lactancia <br/>Sección 2: Nutrientes específicos.<br/>Proteinas y calorias: necesidades, aporte y evaluación -- Vitaminas -- Minerales<br/>Sección 3: Nutrición terapéutica.<br/>Planificación de la nutrición en pacientes con carencias proteicocalóricas -- Nutrición enteral -- Nutrición parenteral <br/>Sección 4: Tratamiento mediante el uso de dietas.<br/>Dietas restrictivas -- Tratamiento dietético de la diabetes, las nefrologias y la hiperlipidemia -- Obesidad -- Consideraciones sobre nutrición en las enfermedades consuntivas (cáncer, sida) -- Tratamientos dietéticos alternativos<br/>Apéndices<br/>Cálculos y fórmulas de uso habitual en terapéutica nutricional -- Aportes alimentarios recomendados -- Etiquetado de alimentos -- Guías dietéticas para uso de pacientes. |
| 650 #7 - PUNTO DE ACCESO ADICIONAL DE MATERIA--TÉRMINO DE MATERIA |
| Término de materia o nombre geográfico como elemento de entrada |
Nutrición |
| 9 (RLIN) |
3543 |
| 650 #7 - PUNTO DE ACCESO ADICIONAL DE MATERIA--TÉRMINO DE MATERIA |
| Término de materia o nombre geográfico como elemento de entrada |
Vitaminas |
| 9 (RLIN) |
3544 |
| 650 #7 - PUNTO DE ACCESO ADICIONAL DE MATERIA--TÉRMINO DE MATERIA |
| Término de materia o nombre geográfico como elemento de entrada |
Dietoterapia |
| 9 (RLIN) |
3545 |
| 700 1# - PUNTO DE ACCESO ADICIONAL--NOMBRE DE PERSONA |
| Nombre de persona |
Stenson, William F. |
| 9 (RLIN) |
3540 |
| Término indicativo de función/relación |
autor |
| 700 1# - PUNTO DE ACCESO ADICIONAL--NOMBRE DE PERSONA |
| Nombre de persona |
Bier, Dennis M. |
| 9 (RLIN) |
3541 |
| Término indicativo de función/relación |
autor |
| 700 1# - PUNTO DE ACCESO ADICIONAL--NOMBRE DE PERSONA |
| Nombre de persona |
López García, A. |
| 9 (RLIN) |
3542 |
| Término indicativo de función/relación |
traductor |
| 942 ## - ELEMENTOS DE PUNTO DE ACCESO ADICIONAL (KOHA) |
| Fuente del sistema de clasificación o colocación |
Dewey Decimal Classification |
| Tipo de ítem Koha |
Libro |
| Suprimir en OPAC |
No |